[Event "EU-ch U10 Girls rapid"]
[Site "Terme Catez"]
[Date "2023.09.28"]
[Round "3"]
[White "Vujicic, Milica"]
[Black "Kaminska, Zuzanna"]
[Result "0-1"]
[WhiteElo "1254"]
[BlackElo "1507"]
[PlyCount "74"]
[EventDate "2023.09.28"]
[EventType "swiss (rapid)"]
[EventRounds "9"]
[EventCountry "SLO"]
[SourceTitle "EXT 2024"]
[Source "ChessBase"]
[SourceDate "2023.10.10"]
[SourceVersion "1"]
[SourceVersionDate "2023.10.10"]
[SourceQuality "1"]

1. e4 e5 2. Bc4 Nf6 3. d4 exd4 4. Nf3 Bc5 5. 0-0 0-0 6. e5 Ne8 7. Nxd4 Bxd4 8. Qxd4 Nc6 9. Qe3 d6 10. Rd1 Qe7 11. exd6 Qxe3 12. Bxe3 Nxd6 13. Bd5 Nb4 14. Bb3 Bf5 15. c3 Nc2 16. Bxc2 Bxc2 17. Re1 Nc4 18. h3 Rad8 19. Bxa7 b6 20. Na3 Nxa3 21. bxa3 Ra8 22. Rac1 Bg6 23. Re7 Rxa7 24. c4 Rc8 25. c5 bxc5 26. Rxc5 Kf8 27. Re3 Bb1 28. Rec3 Bxa2 29. a4 Rxa4 30. Rxc7 Rxc7 31. Rxc7 Bd5 32. Rc8+ Ke7 33. Rg8 Kf6 34. Rb8 Ra1+ 35. Kh2 Ra2 36. Kg1 Kg6 37. Rb6+ f6 0-1